| 000 -LEADER | |
|---|---|
| fixed length control field | 00401nam a22001697a 4500 |
| 005 - DATE AND TIME OF LATEST TRANSACTION | |
| control field | 20210827143235.0 |
| 008 - FIXED-LENGTH DATA ELEMENTS--GENERAL INFORMATION | |
| fixed length control field | 190910b xxu||||| |||| 00| 0 eng d |
| 020 ## - INTERNATIONAL STANDARD BOOK NUMBER | |
| ISBN | 978-93-85529-00-9 |
| 041 ## - LANGUAGE CODE | |
| Language code of text/sound track or separate title | eng |
| 100 ## - MAIN ENTRY--AUTHOR NAME | |
| Personal name | MEHTA, R.M. |
| 245 ## - TITLE STATEMENT | |
| Title | PHARMACEUTICS-I |
| 250 ## - EDITION STATEMENT | |
| Edition statement | REV, 6th ed. |
| 260 ## - PUBLICATION, DISTRIBUTION, ETC. (IMPRINT) | |
| Place of publication | DELHI |
| Name of publisher | VALLABH PRAKASHAN |
| Year of publication | 2015 |
| 300 ## - PHYSICAL DESCRIPTION | |
| Number of Pages | 210 |
| 650 ## - SUBJECT ADDED ENTRY--TOPICAL TERM | |
| Topical Term | PHARMACY |
| 942 ## - ADDED ENTRY ELEMENTS (KOHA) | |
| Koha item type | Books |
| Lost status | Damaged status | Collection code | Home library | Current library | Shelving location | Date acquired | Source of acquisition | Cost, normal purchase price | Full call number | Accession Number | Koha item type |
|---|---|---|---|---|---|---|---|---|---|---|---|
| PHARMACY | JRU Library | JRU Library | Shelf - 23- B | 10/09/2019 | PURCHESS | 210.00 | 615.1 | 23469 | Books | ||
| PHARMACY | JRU Library | JRU Library | Shelf - 23- B | 10/09/2019 | PURCHESS | 210.00 | 615.1 | 23470 | Books | ||
| PHARMACY | JRU Library | JRU Library | Shelf - 23- B | 10/09/2019 | PURCHESS | 210.00 | 615.1 | 23471 | Books | ||
| Reference | JRU Library | JRU Library | SHELF 9 - C | 10/09/2019 | PURCHESS | 210.00 | 615.1 | 23472 | Books |